| 000 | 00647aam a2200205 4500 | ||
|---|---|---|---|
| 005 | 20161018144944.0 | ||
| 008 | 150323b xxu||||| |||| 00| 0 spa d | ||
| 041 | _aspa | ||
| 082 | _a930.1 F363e | ||
| 100 |
_aFérnandez Esquivel, Patricia _97712 |
||
| 245 | _aEntre entierros y rituales : los jarrones trípodes del Caribe Central de Costa Rica (300 a.c- 800 d.c) | ||
| 260 |
_aCosta Rica _bFundación de Museos del Banco Central _c2013 |
||
| 300 | _a66 páginas | ||
| 650 |
_aCOSTA RICA _927449 |
||
| 650 |
_aRITOS _927450 |
||
| 650 |
_aCERAMICA _91183 |
||
| 650 |
_aCEREMONIAS FUNEBRES _927451 |
||
| 650 |
_aARQUEOLOGIA _92460 |
||
| 942 | _cBK | ||
| 999 |
_c4086 _d4086 |
||